Faster property searches (Record no. 71335)

MARC details
000 -LEADER
fixed length control field 00964cam a2200217 4500
001 - CONTROL NUMBER
control field WB3837-21
008 - FIXED-LENGTH DATA ELEMENTS--GENERAL INFORMATION
fixed length control field 021010n2002 000 0 eng u
035 ## - SYSTEM CONTROL NUMBER
System control number (Sirsi) u120058
245 ## - TITLE STATEMENT
Title Faster property searches
260 ## - PUBLICATION, DISTRIBUTION, ETC.
Date of publication, distribution, etc. 2002
490 ## - SERIES STATEMENT
Series statement Lord Chancellor`s Department Press Notice
Volume/sequential designation (350A-02) 8 October 2002, (2)
520 ## - SUMMARY, ETC.
Summary, etc. Government ministers praise local authorities which have signed up to National Land Information Service (NLIS) which enables homebuyers to benefit from high speed, high technology property searches. More information available from www.nlis.org.uk LCD Press notice http://213.38.88.195/coi/coipress.nsf/3125f7fc7de1d0fb80256bf4003374ad/5a45583a916a152080256c4d002d4056?OpenDocument
590 ## - LOCAL NOTE (RLIN)
Local note WB
650 ## - SUBJECT ADDED ENTRY--TOPICAL TERM
Topical term or geographic name entry element NATIONAL LAND INFORMATION SERVICE
650 ## - SUBJECT ADDED ENTRY--TOPICAL TERM
Topical term or geographic name entry element NATIONAL LAND INFORMATION SERVICE
650 ## - SUBJECT ADDED ENTRY--TOPICAL TERM
Topical term or geographic name entry element PROPERTY SEARCHES
650 ## - SUBJECT ADDED ENTRY--TOPICAL TERM
Topical term or geographic name entry element HOMEBUYERS
650 ## - SUBJECT ADDED ENTRY--TOPICAL TERM
Topical term or geographic name entry element CONVEYANCING
690 ## - LOCAL SUBJECT ADDED ENTRY--TOPICAL TERM (OCLC, RLIN)
Topical term or geographic name as entry element PROPERTY
942 ## - ADDED ENTRY ELEMENTS (KOHA)
Suppress in OPAC 0
Holdings
Withdrawn status Lost status Source of classification or shelving scheme Damaged status Not for loan Home library Current library Shelving location Date acquired Total Checkouts Full call number Barcode Date last seen Copy number Price effective from Koha item type
    Dewey Decimal Classification     London London News article 10/10/2002   WB3837-21 120058-1001 06/08/2019 1 06/08/2019 News article